Young Avengers Members - Statistics

General Stats
  • This quiz has been taken 15 times
  • The average score is 9 of 11
Answer Stats
Description Alias Answer % Correct
Mentored by one of the original avengers with the same alias. An expert archer Kate Bishop Hawkeye
100%
The reincarnation of one of the sons of the Scarlet Witch and Vision, created by chaos magic and fragments of the demon Mephisto. Bestowed ith super speed powers Thomas Shepherd Speed
92%
Superhero of latin-american origin. Can create star shaped portals between dimensions America Chavez Miss America
85%
The grandson of a super-soldier Eli Bradley Patriot
85%
The reincarnation of one of the sons of the Scarlet Witch and Vision, created by chaos magic and fragments of the demon Mephisto. Bestowed with magical, reality-altering and electrokinetic powers Billy Kaplan Wiccan
85%
A skull/kree hybrid who used his powers to become a superhero. Has the ability to shapeshift Teddy Altman Hulkling
77%
An adolescent version of Kang the Conqueror Nathaniel Richards Iron Lad
77%
The adolescent version of a Norse god // Kid Loki
77%
The daughter of one of the original avengers. Has the ability to increase or decrease her size Cassie Lang Stinger
77%
Kree from an alternate universe who has been enhanced with insect DNA. Has demonstrated enhanced reflexes, speed, strength, and endurance Noh-Varr Marvel Boy
54%
Mutant. Has the telepathic ability to absorb and mimic the knowledge and skills from the minds of the people close to him David Alleyne Prodigy
46%
No matching quizzes found
Score Distribution
Percent of People with Each Score
Percentile by Number Answered
Your Score History
You have not taken this quiz